LIBRARY & INFORMATION CENTRE, KCAET, TAVANUR

ONLINE PUBLIC ACCESS CATALOGUE (OPAC)

Operations research: Principles and practice / (Record no. 12982)

MARC details
000 -LEADER
fixed length control field 00447cam a2200169ua 4500
020 ## - INTERNATIONAL STANDARD BOOK NUMBER
ISBN 9788126512560
082 ## - DEWEY DECIMAL CLASSIFICATION NUMBER
Classification number 658.4034
Item number RAV/OP
100 ## - MAIN ENTRY--AUTHOR NAME
Personal name Ravindran, A ;.
245 ## - TITLE STATEMENT
Title Operations research: Principles and practice /
250 ## - EDITION STATEMENT
Edition statement 2nd
260 ## - PUBLICATION, DISTRIBUTION, ETC. (IMPRINT)
Place of publication London :
Name of publisher John Wiley & Sons ,
Year of publication 2006.
260 ## - PUBLICATION, DISTRIBUTION, ETC. (IMPRINT)
Place of publication New Delhi
Name of publisher Wiley India
Year of publication 2012
300 ## - PHYSICAL DESCRIPTION
Number of Pages ; .
700 1# - ADDED ENTRY--PERSONAL NAME
Personal name Phillips, Don T; .
700 1# - ADDED ENTRY--PERSONAL NAME
Personal name Solberg, James J .
942 ## - ADDED ENTRY ELEMENTS (KOHA)
Koha item type Books
Holdings
Withdrawn status Lost status Damaged status Home library Current library Date acquired Full call number Accession Number Koha item type Collection code Shelving location Source of acquisition
      KAUAET KAUAET 07/04/2012 658.4034 RAV/OP 21193 Books      
      KAUAET KAUAET 30/03/2013 658.4034 RAV/OP 23872 Books Non-fiction General Stacks Neoti Book Agency
free website counter